| Tag |
First Indicator |
Second Indicator |
Subfields |
| LEADER |
00000cam a22000001a 4500 |
| 001 |
in00003193721 |
| 006 |
m d f |
| 007 |
cr bn mmmapmmp |
| 008 |
090623s1967 dcu o f000 0 eng d |
| 005 |
20260604202112.5 |
| 035 |
|
|
|a cis2007433532
|
| 040 |
|
|
|a UMI
|c UMI
|d UtOrBLW
|
| 043 |
|
|
|a n-us---
|
| 086 |
0 |
|
|a Y 4.F 76/2:L 34/6
|
| 099 |
|
|
|a HRG-1967-FOR-0009
|
| 110 |
1 |
|
|a United States.
|b Congress.
|b Senate.
|b Committee on Foreign Relations.
|
| 245 |
1 |
0 |
|a Latin American Summit Conference :
|b hearings before the United States Senate Committee on Foreign Relations, Ninetieth Congress, first session, on Mar. 17, 21, 1967.
|
| 264 |
|
1 |
|a Washington :
|b U.S. G.P.O.,
|c 1967.
|
| 300 |
|
|
|a 1 online resource.
|
| 336 |
|
|
|a text
|b txt
|2 rdacontent
|
| 337 |
|
|
|a computer
|b c
|2 rdamedia
|
| 338 |
|
|
|a online resource
|b cr
|2 rdacarrier
|
| 500 |
|
|
|a Record is based on bibliographic data in ProQuest Congressional Hearings Digital Collection. Reuse except for individual research requires license from ProQuest, LLC.
|
| 520 |
|
|
|a Considers S.J. Res. 53 and S. Res. 94, to support meeting of OAS chiefs of state to be held in Punta del Este, Uruguay. Also affirms Senate support for Alliance for Progress goals and recommends U.S. financial aid through the Inter-American Development Bank for the proposed Latin American Common Market.
|
| 520 |
|
|
|a Considers (90) S. Res. 94, (90) S.J. Res. 53.
|
| 538 |
|
|
|a System requirements: PDF reader software.
|
| 500 |
|
|
|a Electronic resource.
|
| 610 |
2 |
0 |
|a Inter-American Development Bank.
|
| 610 |
2 |
0 |
|a Organization of American States.
|
| 651 |
|
0 |
|a United States
|x Foreign economic relations
|z Latin America.
|
| 655 |
|
7 |
|a Electronic books.
|2 local
|
| 710 |
2 |
|
|a ProQuest (Firm)
|
| 776 |
0 |
8 |
|i Print version:
|a United States. Congress. Senate. Committee on Foreign Relations.
|t Latin American Summit Conference
|
| 776 |
0 |
8 |
|i Microfiche version:
|a United States. Congress. Senate. Committee on Foreign Relations.
|t Latin American Summit Conference.
|d [Bethesda, Md.] : ProQuest,[2004]
|o CIS Hrgs MF Gp 3--(90) S1788-18
|w (ProQuest)cis10803127
|
| 830 |
|
0 |
|a U.S. Congressional Hearings.
|
| 856 |
4 |
0 |
|u http://proxy.library.tamu.edu/login?url=https://congressional.proquest.com/congcomp/getdoc?HEARING-ID=HRG-1967-FOR-0009
|z Connect to the full text of this electronic book
|t 0
|
| 998 |
|
|
|a cis10803127
|
| 999 |
|
|
|a MARS
|
| 999 |
f |
f |
|s 1c71b4a1-d64c-3385-994b-a7d730bc0ac3
|i be91fd26-72df-3a5e-a96e-f9b9e758b68a
|t 0
|
| 952 |
f |
f |
|a Texas A&M University
|b College Station
|c Electronic Resources
|s www_evans
|d Available Online
|t 0
|e HRG-1967-FOR-0009
|h Other scheme
|
| 998 |
f |
f |
|a HRG-1967-FOR-0009
|t 0
|l Available Online
|